00492 2200205 4500001002100000008004100021035002000062245005000082100002300132250000600155260002900161300001200190084001400202082000800216650001400224990001200238990001200250990001200262990001200274INLIS000000000000507 ind  a0010-0424000483 aPengetahuan Seni Rupa AsiacElyandra Widharta aWidharta, Elyandra a1 aYogyakarta :bTAKAc2014 a114 hlm a700 ELY p a700 aNon Fiksi a0722052 a0722053 a0722054 a0722055